书目信息 |
| 题名: |
数字信号处理基础习题解答
|
|
| 作者: | 周利清 著 | |
| 分册: | ||
| 出版信息: | 北京 北京邮电大学出版社 |
|
| 页数: | 122页 | |
| 开本: | 26cm | |
| 丛书名: | 信息通信专业教材系列 | |
| 单 册: | ||
| 中图分类: | TN911.72-44 | |
| 科图分类: | ||
| 主题词: | 通信理论 | |
| 电子资源: | ||
| ISBN: | 7-5635-1176-8 | |
| 000 | 00628nam0 2200205 450 | |
| 001 | 0753000375 | |
| 005 | 20071012144320.37 | |
| 010 | @a7-5635-1176-8@d¥14.00 | |
| 100 | @a20071012d km y0chiy0120 ea | |
| 101 | 0 | @achi |
| 200 | 1 | @a数字信号处理基础习题解答@Ashu zi xin hao chu li ji chu xi ti jie da@f周利清著@Fzhou li qing zhu |
| 210 | @a北京@c北京邮电大学出版社 | |
| 215 | @a122页@d26cm | |
| 225 | 2 | @a信息通信专业教材系列 |
| 410 | 0 | @12001 @a信息通信专业教材系列 |
| 606 | 0 | @a通信理论 |
| 690 | @aTN911.72-44@v3 | |
| 701 | 0 | @a周利清@Azhou li qing@4著 |
| 801 | 0 | @aCN@bPFT@c20071012 |
| 905 | @a213230@dTN911.72-44@eS22@f1 | |
| 数字信号处理基础习题解答/周利清著.-北京:北京邮电大学出版社 |
| 122页;26cm.-(信息通信专业教材系列) |
| ISBN 7-5635-1176-8:¥14.00 |
| ● |
| 相关链接 |
|
|
|
|
正题名:数字信号处理基础习题解答
索取号:TN911.72-44/S22
 
预约/预借
| 序号 | 登录号 | 条形码 | 馆藏地/架位号 | 状态 | 备注 |
| 1 | 6704573 | 267045734 | 密集书库-数信学院/ [索取号:TN911.72-44/S22] | 在馆 |